000 00545nam a2200217Ia 4500
005 20240801100158.0
008 131103s9999 xx 000 0 und d
020 _a571090230
040 _aLoreto College
041 _aEnglish
082 _a822.33
_bWIL
100 _aWilson, John Dover
245 _aShakespeare's happy comedies
_cJohn Dover Wilson
260 _aLondon
_bFaber and Faber
_c1962
300 _a224 p.
504 _aIncludes index
650 _aShakespeare
651 _aEnglish Drama
850 _aLCBED
942 _cBK
999 _c29809
_d80288